| 000 | 01328nam0a22003611 4500 | ||
|---|---|---|---|
| 001 | v19\rc\1708586 | ||
| 005 | 20061002163846.8 | ||
| 035 | _a(NLR Aleph) 004808941 | ||
| 090 |
_a4907848 _c4907847 |
||
| 100 | _a20061002d1902 |||y0rusy50 ca | ||
| 101 | 1 |
_arus _ceng |
|
| 102 | _aRU | ||
| 105 | _aa z ||||| | ||
| 200 | 1 |
_aТелеграф без проводов _e(Опыты Лоджа, Приса, Маркони и др.) _fПер. с англ. В. Поляков и А. Белой _gР. Кэрр |
|
| 205 | _a2-е изд. Пер. с 5-го англ. изд. ... | ||
| 210 |
_a[Санкт-Петербург] _cтип. М-ва пут. сообщ. (т-ва И.Н. Кушнерев и К°) _d1902 |
||
| 215 |
_a[4], 83 с. _cил. _d18 |
||
| 700 | 1 |
_aКэрр _bР. _gРихард |
|
| 702 | 1 |
_aПоляков _bВ. _4730 |
|
| 702 | 1 |
_aБелой _bА. _4730 |
|
| 702 | 1 |
_aМаркони _bГ. _f1874-1937 _gГульельмо _4570 |
|
| 702 | 1 |
_aЛодж _bО. _f1851-1940 _gОливер _3RU\NLR\AUTH\7772336 _4570 |
|
| 702 | 1 |
_aПрис _bБ. У. _4570 |
|
| 801 | 0 |
_aRU _bNLR _gpsbo |
|
| 801 | 0 |
_aRU _bRuMoRGB _2psbo |
|
| 801 | 1 |
_aRU _bProSoft-M _2rusmarc |
|
| 852 |
_aNLR _j34.86.3.42 |
||
| 899 |
_aRuMoRGB _jF 63/473 |
||
| 899 |
_aRuMoRGB _jU 443/59 |
||
| 899 | _aБАН | ||
| 899 | _aНБ СПбГУ | ||
| 942 | _cBOOK | ||
| 980 | _aNB | ||